000 00585nam a22002057a 4500
999 _c7514
_d7514
003 Ost
005 20190919111345.0
008 190919b ||||| |||| 00| 0 eng d
020 _a9789728479541
040 _cBT-PhCST
050 _aD4048
082 _222
_a720
_bGRA
100 _aGraz, Christophe.
245 _aTerra incognita :
_bdiscovering European earthen architecture /
260 _aPortugal :
_bArgumentum,
_cc2008.
300 _a112 p. :
_bill. (some col.). ;
_c30 cm.
500 _aIncludes bibliographical references.
700 _aNourissier, Gilles.
942 _2ddc
_cAE